000 00538nam a22001697a 4500
003 SISC
005 20170615100752.0
008 170615b xxu||||| |||| 00| 0 eng d
020 _a9789719654216
050 _aLB 2882
_b.Se487 2016
100 _aSerrano, Angelita Ong Camilar.
245 _aProductivity and quality management /
_cAngelita Ong Camilar-Serrano.
260 _aManila :
_bUnlimited books,
_c2016.
300 _ax, 246 pages ;
_billustrations ;
_c25 cm.
500 _aIncludes bibliographical references.
942 _2lcc
_cBK
999 _c335230
_d335230